| 000 | 01109nac a22003251i 4500 | ||
|---|---|---|---|
| 003 | EG-ScBUE | ||
| 005 | 20250727092835.0 | ||
| 008 | 250717t1990 nyua f b 001 0 eng d | ||
| 020 | _a002979050X | ||
| 040 |
_aEG-ScBUE _beng _erda _cEG-ScBUE _dEG-ScBUE |
||
| 082 | 0 | 4 |
_a541.3 _bCHA _222 |
| 100 | 1 |
_aChang, Raymond, _eauthor. |
|
| 245 | 1 | 0 |
_aPhysical chemistry with applications to biological systems / _cRaymond Chang, Williams College. |
| 250 | _aSecond edition. | ||
| 250 | _aMaxwell Macmillan international editions. | ||
| 264 | 1 |
_aNew York : _bCollier Macmillan Publishers, INC., _c[1990] |
|
| 264 | 4 | _cc1990 | |
| 300 |
_a659 pages : _billustrations ; _c27 cm |
||
| 336 |
_2rdacontent _atext _btxt |
||
| 337 |
_aunmediated _2rdamedia _bn |
||
| 338 |
_avolume _bnc _2rdacarrier |
||
| 500 | _aIncludes Appendices. | ||
| 504 | _aIncludes bibliographical references and index. | ||
| 650 | 7 |
_aChemistry, Physical and theoretical. _2BUEsh |
|
| 650 | 7 |
_aBiochemistry. _2BUEsh |
|
| 650 | 7 |
_aChemistry, Physical. _2BUEsh |
|
| 650 | 7 |
_aBiochemistry. _2BUEsh |
|
| 655 | _vReading book | ||
| 942 |
_cBB _2ddc |
||
| 999 |
_c4476 _d4476 |
||